Flags of countries of the world #6 - Statistics

General Stats
  • This quiz has been taken 38 times
  • The average score is 15 of 18
Answer Stats
Picture Answer % Correct
Argentina
94%
Kazakhstan
94%
Uruguay
94%
Kiribati
89%
North Macedonia
89%
Venezuela
89%
Congo
83%
Philippines
83%
Bosnia and Herzegovina
78%
Brunei
78%
Marshall Islands
78%
Nauru
78%
Saint-Kitts and Nevis
78%
Seychelles
78%
Tanzania
78%
Namibia
72%
Trinidad and Tobago
72%
Rwanda
67%
No matching quizzes found
Score Distribution
Percent of People with Each Score
Percentile by Number Answered
Your Score History
You have not taken this quiz